000 00509nam a22001577a 4500
003 OSt
005 20151103150448.0
008 151103b xxu||||| |||| 00| 0 eng d
040 _cRUA
082 _aFOR ហួត 1992 B117 Or.1
100 _93274
_aហួត គង់
245 _aផែនការថ្លៃដើមឈើអារនាំចេញតាមភ្នំពេញ និងកំពង់សោម
260 _aPhnom Penh
_bRUA
_c1992
300 _a152p.
_bill.
_c29cm.
942 _2ddc
_cFOR
999 _c3057
_d3057